Křišťálový klíč. III, Jarmarečník /
Třetí pokračování kroniky severočeského sklářského rodu Heřmanů.
Uloženo v:
| Série: | Křišťálový klíč,
část 3 |
|---|---|
| Hlavní autor: | |
| Médium: | E-kniha |
| Jazyk: | Czech |
| Vydáno: |
Brno :
MOBA,
2020
|
| Vydání: | Vydání první |
| Témata: | |
| Příbuzné jednotky: | Z cyklu::
Křišťálový klíč |
| Tagy: |
Žádné tagy |
| LEADER | 02541cam a2200409 i 4500 | ||
|---|---|---|---|
| 001 | 311233 | ||
| 003 | CZ PrSKC | ||
| 005 | 20260601215702.0 | ||
| 007 | ta | ||
| 008 | 200930s2020 xr g 000 f cze d | ||
| 015 | |a cnb003256295 | ||
| 020 | |a 9788024394404 |q (vázáno) | ||
| 035 | |a (OCoLC)1226361259 | ||
| 040 | |a CBA001 |b cze |d ABG001 |d OLA001 |d ABA001 |e rda | ||
| 072 | 7 | |a 821.162.3-3 |x Česká próza |2 Konspekt | |
| 080 | |a 821.162.3-31 |2 MRF | ||
| 080 | |a (0:82-311.6) |2 MRF | ||
| 100 | 1 | |a Vondruška, Vlastimil, |d 1955- |7 xx0004129 |4 aut | |
| 245 | 1 | 0 | |a Křišťálový klíč. |n III, |p Jarmarečník / |c Vlastimil Vondruška |
| 246 | 3 | 0 | |a Jarmarečník |
| 250 | |a Vydání první | ||
| 264 | 1 | |a Brno : |b MOBA, |c 2020 | |
| 300 | |a 432 stran ; |c 21 cm | ||
| 336 | |a text |b txt |2 rdacontent | ||
| 337 | |a bez média |b n |2 rdamedia | ||
| 338 | |a svazek |b nc |2 rdacarrier | ||
| 520 | 2 | |a Třetí pokračování kroniky severočeského sklářského rodu Heřmanů. |b Dědicové Ignáce Heřmana přijdou o Falknovskou huť, kterou získá Leopoldova bývalá snoubenka Hildegarda, jejímž hlavním cílem je pomstít se rodu Heřmanů. Ignácovi vnuci tak musí čelit nejen jejím intrikám, ale i hospodářským potížím, které s sebou nese nový styl manufakturního podnikání. Klid není ani v zemi, neboť císař Karel nemá mužského dědice a rodu, který po staletí vládl ve střední Evropě, hrozí ztráta moci. Děj románu zavede čtenáře zpět do severních Čech, nejen do Kamenice a Haidy, ale i do Děčína, Duchcova a Liberce. Tam všude žijí vnuci a vnučky Ignáce Heřmana. Sklářství se však věnuje už jen pár z nich, ostatní se zabývají obchodem, plátenictvím, krajkářstvím, ale živí se i ve službách šlechty. Falknovskou huť však stále neztrácejí ze zřetele. Nakladatelská anotace. Kráceno. | |
| 655 | 7 | |a české romány |7 fd133974 |2 czenas | |
| 655 | 7 | |a historické romány |7 fd132414 |2 czenas | |
| 655 | 9 | |a Czech fiction |2 eczenas | |
| 655 | 9 | |a historical novels |2 eczenas | |
| 787 | 0 | 8 | |i Z cyklu: |t Křišťálový klíč |g 3 |
| 900 | |a ABA001 |b 20 | ||
| 044 | |a xr | ||
| 910 | |a RBIT002 | ||
| 998 | |d 208850 |a https://core.palmknihy.cz/api/books/208850/cover?qgfk1n |b https://core.palmknihy.cz/api/books/208850/cover/400?qgfk1n |c https://core.palmknihy.cz/api/books/208850/cover/50?qgfk1n |e 2028-09-30 |g 440 |i 9788024394404 |j https://core.palmknihy.cz/api/books/208850/preview.epub |l |q 49 |r 1 |s https://www.palmknihy.cz/kniha/208850 |t ebook |y 2020 |z 0 |v Křišťálový klíč |w 3 | ||
| 999 | |d 311231 | ||